Zníženie hodnoty majetku určeného na zabezpečenie príjmov v kontexte medzinárodných účtovných štandardov pre verejný sektor

Spracovanie poznatkov o riešení špecifických problémov účtovníctva subjektov verejného sektora, kontrétne výsledky analýzy postupov, ktoré subjekt verejného sektora použije pri identifikovaní majetku určeného na zabezpečenie príjmov, ktorý má zníženú hodnotu, stanovení indikátorov, ktoré nazančujú,...

Descrizione completa

Salvato in:
Dettagli Bibliografici
Autore principale: Kršeková, Marianna
Natura: Capitolo di libro
Lingua:slovacco
Soggetti:
Tags: Aggiungi Tag
Nessun Tag, puoi essere il primo ad aggiungerne!!

MARC

LEADER 00000naa a2200000 4500
001 0126401
005 20240613070912.8
041 0 |a slo 
044 |a SK 
245 1 0 |a Zníženie hodnoty majetku určeného na zabezpečenie príjmov v kontexte medzinárodných účtovných štandardov pre verejný sektor  |c Marianna Kršeková 
520 |a Spracovanie poznatkov o riešení špecifických problémov účtovníctva subjektov verejného sektora, kontrétne výsledky analýzy postupov, ktoré subjekt verejného sektora použije pri identifikovaní majetku určeného na zabezpečenie príjmov, ktorý má zníženú hodnotu, stanovení indikátorov, ktoré nazančujú, že hodnota majetku určeného na zabezpečenie príjmov sa mohla znížiť, stanovenia východísk na určenie spätne získanej hodnoty daného majetku, určenia spôsobu vykazovania straty zo zníženia hodnoty daného majetku. 
610 2 0 |a účtovníctvo 
610 2 0 |a sektor verejný 
610 2 0 |a štandardy účtovné medzinárodné 
610 2 0 |a hodnota podniku 
610 2 0 |a majetok hmotný 
610 2 0 |a majetok nehmotný 
100 1 |a Kršeková, Marianna